The prevalence and impact of orofacial pain among malay preschool children in Pasir Mas, Kelantan /
Saved in:
| Main Author: | |
|---|---|
| Format: | Thesis Book |
| Language: | English |
| Published: |
2001.
|
| Subjects: | |
| Tags: |
Add Tag
No Tags, Be the first to tag this record!
|
| LEADER | 01130cam a2200277 a 4500 | ||
|---|---|---|---|
| 001 | u509583 | ||
| 003 | SIRSI | ||
| 008 | 990204s2001 my t 00 0 eng m | ||
| 035 | |a ACX-3468 | ||
| 040 | |a UMG | ||
| 043 | |a a-my-kl | ||
| 091 | |a Microfiche 17221 | ||
| 096 | |a WU113 |b UM 2001 Azim | ||
| 100 | 0 | 0 | |a Azizah Mat. |
| 245 | 1 | 4 | |a The prevalence and impact of orofacial pain among malay preschool children in Pasir Mas, Kelantan / |c Azizah bt Mat. |
| 260 | |c 2001. | ||
| 300 | |a ix, 82 leaves : |b ill.(some col.) ; |c 30 cm. | ||
| 500 | |a Also available on microfiche. Kuala Lumpur: University of Malaya Library, 2001. 1 fiches: negative; 11 x 15cm. | ||
| 502 | |a Dissertation (M.Comm.Dent.) -- Jabatan Pergigian Masyarakat, Fakulti Pergigian, Universiti Malaya, Kuala Lumpur, 2001. | ||
| 504 | |a Bibliography: leaves 56-63. | ||
| 650 | 2 | |a Orofacial Pain |x in infancy & childhood |z Pasir Mas (Kelantan) | |
| 650 | 2 | |a Facial Pain. | |
| 710 | 2 | 0 | |a Universiti Malaya. |b Jabatan Pergigian Masyarakat. |
| 948 | |a 12/03/2003 |b 22/07/2004 | ||
| 596 | |a 10 | ||
| 999 | |a WU113 UM 2001 AZIM |w LC |c 1 |i A503645416 |l STACKS |m P10PERGIGI |r Y |s Y |t TESIS |u 22/4/2003 | ||
